Catálogo público

Insectos destructivos e insectos útiles : (Record no. 206514)

MARC details
000 -CABECERA
campo de control de longitud fija 00726nam a2200265Ia 4500
001 - NÚMERO DE CONTROL
campo de control Para_7620
003 - IDENTIFICADOR DEL NÚMERO DE CONTROL
campo de control CHAP
008 - DATOS DE LONGITUD FIJA--INFORMACIÓN GENERAL
campo de control de longitud fija 220125s1965 xx 000 0 und d
010 ## - NÚMERO DE CONTROL DE LA BIBLIOTECA DEL CONGRESO
Número de control de LC 206514
040 ## - FUENTE DE LA CATALOGACIÓN
Centro/agencia transcriptor CHAP
082 ## - NÚMERO DE LA CLASIFICACIÓN DECIMAL DEWEY
Número de clasificación PA 632.7 M48y
100 ## - ENTRADA PRINCIPAL--NOMBRE DE PERSONA
Nombre de persona Metcalf, C.L.
9 (RLIN) 165256
245 ## - MENCIÓN DE TÍTULO
Título Insectos destructivos e insectos útiles :
Resto del título costumbres y su control /
Mención de responsabilidad, etc. by C.L. Metcalf y W.P. Flint
260 ## - PUBLICACIÓN, DISTRIBUCIÓN, ETC.
Lugar de publicación, distribución, etc. México :
Nombre del editor, distribuidor, etc. CTCSA
300 ## - DESCRIPCIÓN FÍSICA
Extensión 1208 p.
650 ## - PUNTO DE ACCESO ADICIONAL DE MATERIA--TÉRMINO DE MATERIA
Término de materia o nombre geográfico como elemento de entrada Entomología económica
9 (RLIN) 37145
700 ## - PUNTO DE ACCESO ADICIONAL--NOMBRE DE PERSONA
Nombre de persona Flint, W.P.
9 (RLIN) 41292
901 ## - ELEMENTOS DE DATOS A LOCAL LDA (RLIN)
a PA 632.7 M48Y
902 ## - ELEMENTOS DE DATOS B LOCAL, LDB (RLIN)
a A
905 ## - ELEMENTOS DE DATOS E LOCAL, LDE (RLIN)
a 0000001965 a 0000000000 00
910 ## - DATOS DE OPCIÓN DEL USUARIO (OCLC)
Datos de opción del usuario 1965
942 ## - ELEMENTOS DE PUNTO DE ACCESO ADICIONAL (KOHA)
Tipo de ítem Koha Parasitologia_
942 ## - ELEMENTOS DE PUNTO DE ACCESO ADICIONAL (KOHA)
Tipo de ítem Koha Parasitologia_
-- 1
Holdings
Estado de retiro Estado de pérdida Fuente del sistema de clasificación o colocación Estado dañado Restricciones de uso No para préstamo Código de colección Localización permanente Ubicación/localización actual Fecha de adquisición Número de inventario Total de préstamos Signatura topográfica completa Código de barras Fecha visto por última vez Número de copia Precio válido a partir de Tipo de ítem Koha Nota pública Fecha del último préstamo
    Dewey Decimal Classification   Préstamo 3 días   General Parasitologia Agricola Parasitologia Agricola 27/10/2005 (PA_4240) (No. UACh C/E)   PA 632.7 M48y 4102002404 25/01/2022 Ej.7 25/01/2022 Libro 3  
    Dewey Decimal Classification   Préstamo interno   General Parasitologia Agricola Parasitologia Agricola 27/10/2005 (PA_4234) (No. UACh 118242)   PA 632.7 M48y 4102002398 25/01/2022 Ej.1 25/01/2022 Libro 3  
    Dewey Decimal Classification   Préstamo 3 días   General Parasitologia Agricola Parasitologia Agricola 27/10/2005 (PA_4235) (No. UACh 118241)   PA 632.7 M48y 4102002399 25/01/2022 Ej.2 25/01/2022 Libro 3  
    Dewey Decimal Classification   Préstamo 3 días   General Parasitologia Agricola Parasitologia Agricola 27/10/2005 (PA_4236) (No. UACh C/E)   PA 632.7 M48y 4102002400 25/01/2022 Ej.3 25/01/2022 Libro 3  
    Dewey Decimal Classification   Préstamo 3 días   General Parasitologia Agricola Parasitologia Agricola 27/10/2005 (PA_4237) (No. UACh C/E)   PA 632.7 M48y 4102002401 25/01/2022 Ej.4 25/01/2022 Libro 3  
    Dewey Decimal Classification   Préstamo 3 días   General Parasitologia Agricola Parasitologia Agricola 27/10/2005 (PA_4238) (No. UACh/ )   PA 632.7 M48y 4102002402 25/01/2022 Ej.5 25/01/2022 Libro 3  
    Dewey Decimal Classification   Préstamo 3 días   General Parasitologia Agricola Parasitologia Agricola 27/10/2005 (PA_4239) (No. UACh C/E) 2 PA 632.7 M48y 4102002403 18/03/2024 Ej.6 25/01/2022 Libro 3 15/03/2024